[Event "Oberliga Sued W 1112"]
[Site "Germany"]
[Date "2011.10.23"]
[Round "2"]
[White "Hahn, Harald"]
[Black "Sattel, Dominique"]
[Result "1/2-1/2"]
[WhiteElo "2140"]
[BlackElo "2104"]
[PlyCount "83"]
[EventDate "2011.09.25"]
[EventType "team-tourn"]
[EventRounds "9"]
[EventCountry "GER"]
[SourceTitle "EXT 2013"]
[Source "ChessBase"]
[SourceDate "2012.11.22"]
[SourceVersion "1"]
[SourceVersionDate "2012.11.22"]
[SourceQuality "1"]
[WhiteTeam "Heidesheim"]
[BlackTeam "Worms"]
[WhiteTeamCountry "GER"]
[BlackTeamCountry "GER"]

1. d4 c6 2. e4 Qc7 3. c4 d6 4. Be3 e5 5. Ne2 Nf6 6. f3 Nbd7 7. Nbc3 Nb6 8. Ng3 Be6 9. d5 Bd7 10. Rc1 c5 11. Bd3 g6 12. Qd2 h5 13. 0-0 Bg7 14. b4 Nc8 15. a3 b6 16. Nh1 h4 17. Rfd1 Nh5 18. Bf1 Ne7 19. bxc5 bxc5 20. Rb1 f5 21. Nb5 Bxb5 22. Rxb5 Kf7 23. Rdb1 Rab8 24. Qb2 Rxb5 25. Qxb5 Nf6 26. Nf2 Nd7 27. Qb7 Rc8 28. Nh3 Bf6 29. Ng5+ Bxg5 30. Bxg5 Nf6 31. Bd3 Qa5 32. exf5 gxf5 33. Bxf5 Rc7 34. Qb8 Nxf5 35. Qh8 Ng7 36. Qxh4 Nfe8 37. Bd8 Qxa3 38. Bxc7 Nxc7 39. Rb7 Qc1+ 40. Kf2 Qd2+ 41. Kf1 Qc1+ 42. Kf2 1/2-1/2

[Event "Oberliga Sued W 0910"]
[Site "Germany"]
[Date "2009.11.30"]
[Round "3.7"]
[White "Hahn, Harald"]
[Black "Louis, Volker"]
[Result "1-0"]
[WhiteElo "2155"]
[BlackElo "2176"]
[PlyCount "39"]
[EventDate "2009.10.18"]
[EventType "team-tourn"]
[EventRounds "9"]
[EventCountry "GER"]
[SourceTitle "EXT 2011"]
[Source "ChessBase"]
[SourceDate "2010.11.26"]
[SourceVersion "1"]
[SourceVersionDate "2010.11.26"]
[SourceQuality "1"]
[WhiteTeam "Heidesheim"]
[BlackTeam "Frankenthal"]
[WhiteTeamCountry "GER"]
[BlackTeamCountry "GER"]

1. d4 Nf6 2. Nc3 g6 3. e4 d6 4. Bg5 Bg7 5. e5 Nfd7 6. f4 h6 7. Bh4 c5 8. exd6 cxd4 9. Bxe7 Qa5 10. Qe2 dxc3 11. Bd8+ Qe5 12. fxe5 cxb2 13. Rb1 Kxd8 14. Qc4 Nc6 15. Qxf7 Bxe5 16. Bb5 Re8 17. Ne2 Bc3+ 18. Kd1 Bh8 19. Bxc6 bxc6 20. Nf4 1-0

[Event "Oberliga Sued W 0809"]
[Site "Germany"]
[Date "2008.11.30"]
[Round "3.3"]
[White "Hahn, Harald"]
[Black "Klein, Joachim"]
[Result "1/2-1/2"]
[WhiteElo "2151"]
[BlackElo "2236"]
[PlyCount "102"]
[EventDate "2008.10.05"]
[EventType "team-tourn"]
[EventRounds "11"]
[EventCountry "GER"]
[SourceTitle "EXT 2012"]
[Source "ChessBase"]
[SourceDate "2011.11.24"]
[SourceVersion "1"]
[SourceVersionDate "2011.11.24"]
[SourceQuality "1"]
[WhiteTeam "Heidesheim"]
[BlackTeam "Illingen"]
[WhiteTeamCountry "GER"]
[BlackTeamCountry "GER"]

1. d4 d5 2. Nf3 Nf6 3. c4 c6 4. e3 e6 5. Nc3 Nbd7 6. Bd3 dxc4 7. Bxc4 b5 8. Bd3 a6 9. e4 c5 10. e5 cxd4 11. Nxb5 axb5 12. exf6 Bb4+ 13. Bd2 Bxd2+ 14. Qxd2 Qxf6 15. Bxb5 0-0 16. Bxd7 Bxd7 17. Qxd4 Qxd4 18. Nxd4 Rfb8 19. b3 Rb4 20. Nc2 Re4+ 21. Ne3 Bb5 22. 0-0-0 f5 23. Rd2 Re5 24. Rhd1 Kf7 25. a4 f4 26. Nc2 Bc6 27. Rd4 g5 28. h4 Bd5 29. Rb4 h6 30. g3 Rc8 31. gxf4 Re4 32. Rb5 gxh4 33. f5 h3 34. fxe6+ Bxe6 35. Kb1 h2 36. Rh1 Re2 37. Rb7+ Kf6 38. Nd4 Rxf2 39. Rb6 Re8 40. a5 Rg2 41. Nf3 Reg8 42. Re1 Re2 43. Rf1 Ke7 44. Nxh2 Rxh2 45. Re1 Rg6 46. a6 Rgg2 47. Rexe6+ Kf7 48. Rf6+ Ke7 49. Rbe6+ Kd7 50. Rd6+ Ke7 51. Rfe6+ Kf7 1/2-1/2

[Event "Wattens op 11th"]
[Site "Wattens"]
[Date "1996.??.??"]
[Round "3"]
[White "Hahn, Harald"]
[Black "Hengl, Christian"]
[Result "0-1"]
[WhiteElo "1745"]
[BlackElo "2005"]
[PlyCount "66"]
[EventDate "1996.??.??"]
[EventType "swiss"]
[EventRounds "9"]
[EventCountry "AUT"]
[SourceTitle "EXT 2000"]
[Source "ChessBase"]
[SourceDate "1999.11.16"]
[SourceVersion "1"]
[SourceVersionDate "1999.11.16"]
[SourceQuality "1"]

1. d4 f5 2. g3 g6 3. Bg2 Nf6 4. c3 Bg7 5. Bg5 d6 6. Nd2 e5 7. e4 Nc6 8. Ne2 h6 9. Bxf6 Qxf6 10. d5 Ne7 11. f4 Bd7 12. Qb3 0-0-0 13. fxe5 dxe5 14. c4 Qb6 15. Qc3 c5 16. a3 Rhf8 17. b4 Kb8 18. bxc5 Qxc5 19. Nb3 Qb6 20. Rb1 fxe4 21. c5 Qb5 22. Bxe4 Bg4 23. Nbc1 Qa6 24. c6 Nxd5 25. Bxd5 Rxd5 26. Rxb7+ Ka8 27. Rxg7 Qa4 28. Qb3 Qxc6 29. Rxg6 Rd1+ 30. Kxd1 Rd8+ 31. Nd3 Qxg6 32. Ke1 Qe4 33. Kd2 Bxe2 0-1

[Event "Wattens op 11th"]
[Site "Wattens"]
[Date "1996.??.??"]
[Round "4"]
[White "Volf, Rudolf"]
[Black "Hahn, Harald"]
[Result "0-1"]
[WhiteElo "1610"]
[BlackElo "1745"]
[PlyCount "92"]
[EventDate "1996.??.??"]
[EventType "swiss"]
[EventRounds "9"]
[EventCountry "AUT"]
[SourceTitle "EXT 2000"]
[Source "ChessBase"]
[SourceDate "1999.11.16"]
[SourceVersion "1"]
[SourceVersionDate "1999.11.16"]
[SourceQuality "1"]

1. f4 d5 2. e3 g6 3. d4 Bg7 4. Nf3 Nf6 5. Nbd2 0-0 6. Ne5 Nbd7 7. Ndf3 a6 8. Nxd7 Nxd7 9. Ne5 Nxe5 10. fxe5 f6 11. exf6 Rxf6 12. Be2 Qd6 13. Bf3 Bf5 14. c3 Raf8 15. 0-0 Bd7 16. Bd2 g5 17. a4 Rh6 18. g3 e5 19. Qb3 Bc6 20. Rae1 Kh8 21. Re2 e4 22. Bg2 Rxf1+ 23. Bxf1 Rf6 24. Rf2 Rxf2 25. Kxf2 Qf6+ 26. Kg1 h6 27. c4 Qe6 28. cxd5 Bxd5 29. Qc3 c6 30. b4 b5 31. axb5 axb5 32. Be1 Bf8 33. Qa3 Qf7 34. Bg2 Qh5 35. Qc1 Qe2 36. Qd2 Qc4 37. Qc3 Qa2 38. Qd2 Qb1 39. Bh3 Kg7 40. Bf5 Be7 41. Kg2 Qb3 42. Qc3 Qd1 43. Bd7 Bc4 44. d5+ Bf6 45. Qd2 Qf3+ 46. Kg1 Qf1# 0-1